Feature & magazine writing : action, angle and anecdotes / (Record no. 1592)

000 -LEADER
fixed length control field 02478cam a2200373 i 4500
001 - CONTROL NUMBER
control field 17459068
003 - CONTROL NUMBER IDENTIFIER
control field OSt
005 - DATE AND TIME OF LATEST TRANSACTION
control field 20150325184343.0
008 - FIXED-LENGTH DATA ELEMENTS--GENERAL INFORMATION
fixed length control field 120911s2013 enk b 001 0 eng
010 ## - LIBRARY OF CONGRESS CONTROL NUMBER
LC control number 2012037005
020 ## - INTERNATIONAL STANDARD BOOK NUMBER
International Standard Book Number 9781118305133 (pbk.)
040 ## - CATALOGING SOURCE
Original cataloging agency DLC
Language of cataloging eng
Transcribing agency DLC
Description conventions rda
Modifying agency DLC
042 ## - AUTHENTICATION CODE
Authentication code pcc
050 00 - LIBRARY OF CONGRESS CALL NUMBER
Classification number PN4784.F37 2013
082 00 - DEWEY DECIMAL CLASSIFICATION NUMBER
Classification number 808.06/607
Edition number 23
084 ## - OTHER CLASSIFICATION NUMBER
Classification number LAN004000
Source of number bisacsh
100 1# - MAIN ENTRY--PERSONAL NAME
Personal name Sumner, David E.,
Dates associated with a name 1946-
Relator term author.
245 10 - TITLE STATEMENT
Title Feature & magazine writing : action, angle and anecdotes /
Statement of responsibility, etc David E. Sumner and Holly G. Miller.
250 ## - EDITION STATEMENT
Edition statement 3rd Edition.
260 ## - PUBLICATION, DISTRIBUTION, ETC. (IMPRINT)
Place of publication, distribution, etc Sussex
Name of publisher, distributor, etc Blackwell Publishing
Date of publication, distribution, etc 2013
300 ## - PHYSICAL DESCRIPTION
Extent ix, 329 pages ;
Dimensions 23 cm
504 ## - BIBLIOGRAPHY, ETC. NOTE
Bibliography, etc Includes bibliographical references and index.
505 0# - FORMATTED CONTENTS NOTE
Formatted contents note Part I: Reading, writing and relevance -- Part II: Taking your articles to the freelance market -- Part III: Adding action and anecdotes -- Part IV: Different formats, different results -- Part V: Exploring digital opportunites -- Part VI: Preparing the final draft.
520 ## - SUMMARY, ETC.
Summary, etc "Updated with fresh facts, examples and illustrations, along with two new chapters on digital media and blogs this third edition continues to be the authoritative and essential guide to writing engaging and marketable feature stories. Covers everything from finding original ideas and angles to locating expert sources Expanded edition with new chapters on storytelling for digital media and building a story blog Captivating style exemplifies the authors' expert guidance Authors combines academic authority with professional know-how Comprehensive coverage of all the angles, including marketing written work and finding jobs in the publishing industry Essential reading for anyone wishing to become a strong feature writer "--
650 #0 - SUBJECT ADDED ENTRY--TOPICAL TERM
Topical term or geographic name as entry element Feature writing.
650 #0 - SUBJECT ADDED ENTRY--TOPICAL TERM
Topical term or geographic name as entry element Journalism
General subdivision Authorship.
650 #7 - SUBJECT ADDED ENTRY--TOPICAL TERM
Topical term or geographic name as entry element LANGUAGE ARTS & DISCIPLINES / Communication Studies.
Source of heading or term bisacsh
700 1# - ADDED ENTRY--PERSONAL NAME
Personal name Miller, Holly G.,
Relator term author.
700 1# - ADDED ENTRY--PERSONAL NAME
Personal name Sumner, David E.,
Dates associated with a name 1946-
Title of a work Feature & magazine writing.
775 1# - OTHER EDITION ENTRY
Display text Revision of:
Main entry heading Sumner, David E., 1946-
Title Feature & magazine writing
Edition 2nd ed.
Place, publisher, and date of publication Chichester, U.K. ; Malden, MA : Wiley-Blackwell, 2009
Record control number 2008055191
906 ## - LOCAL DATA ELEMENT F, LDF (RLIN)
a 7
b cbc
c orignew
d 1
e ecip
f 20
g y-gencatlg
942 ## - ADDED ENTRY ELEMENTS (KOHA)
Source of classification or shelving scheme
Koha item type Book
Holdings
Withdrawn status Lost status Source of classification or shelving scheme Damaged status Not for loan Home library Current library Shelving location Date acquired Total Checkouts Full call number Barcode Date last seen Date checked out Copy number Price effective from Koha item type Total Renewals
          Riara University Library Riara University Library General stack 25/03/2015 3 PN4784.F37 2013 5451/15 14/06/2019 17/05/2019 C.1 25/03/2015 Book  
          Riara University Library Riara University Library General stack 25/03/2015 1 PN4784.F37 2013 5452/15 23/04/2018 04/01/2018 C.2 25/03/2015 Book  
          Riara University Library Riara University Library General stack 25/03/2015 7 PN4784.F37 2013 5453/15 31/10/2023 09/10/2023 C.3 25/03/2015 Book 1

Riara University Library,
P.O. Box 49940-00100,
Nairobi, Kenya.